| Поле | Инд. | ПП | Название | Значение |
|---|---|---|---|---|
| Тип записи | a | |||
| Библиографический уровень | m | |||
| 001 | Контрольный номер | UNIDUBNAc0e3aee8133c4c9d9f5dc3b0e155895b | ||
| 005 | Дата корректировки | 20260330094527.8 | ||
| 008 | Кодируемые данные | 20170206 | ||
| 020 | a | ISBN | 978-5-534-12738-6 | |
| 040 | b | Код языка каталог. | rus | |
| e | Правила каталог. | PSBO | ||
| 041 | 0_ | a | Код языка текста | rus |
| 084 | a | Индекс другой классификации/Индекс ББК | 85.103я73 | |
| 100 | 1_ | a | Автор | Никольский В. А. |
| 245 | 10 | a | Заглавие | История русского искусства |
| 260 | a | Место издания | Москва | |
| b | Издательство | Юрайт | ||
| c | Дата издания | 2023 | ||
| 300 | a | Объем | 227 с. | |
| 336 | a | Термин вида содержания | Текст | |
| 337 | a | Термин типа средства | электронный | |
| 440 | _0 | a | Серия | Антология мысли |
| 650 | 04 | a | Основная рубрика | искусство |
| a | Основная рубрика | история искусства | ||
| 653 | 0_ | a | Ключевые слова | XVIII век |
| a | Ключевые слова | декоративное искусство | ||
| a | Ключевые слова | Древняя Русь | ||
| a | Ключевые слова | живопись | ||
| a | Ключевые слова | история архитектуры | ||
| a | Ключевые слова | история живописи | ||
| a | Ключевые слова | Московская Русь | ||
| a | Ключевые слова | русское искусство | ||
| a | Ключевые слова | скульптура | ||
| 655 | a | Жанр/ форма (устаревшее) | учебное пособие | |
| 856 | 40 | u | URL | https://urait.ru/bcode/519187 |
| a | Имя сервера/домена | ЭБС ЮРАЙТ | ||
| d | Путь | https://urait.ru | ||
| i | Указания/сценарий входа | Доступ по логину и паролю | ||
| v | Время доступа к ресурсу | 25.03.2027 | ||
| y | Справочный текст | Электронная версия | ||
| 900 | x | Справочная информация | Полный текст | |
| 901 | t | Тип документа | 0 | |
| 952 | a | Тип литературы для КСУ ВШ | УИ |